1641 1836 1826 1920 1271 1548 1679 1416 1565 1631 1595 1438 1837 1598 1348 1695 1514 1945 1795 1166 1816 1776 1135 1754 1255 1016 1123 1487 1123 1968 1730 1459 1192 1583 1267 1052 1464 1578 1020 1300 1716 1125 1772 1800 1697 1365 1429 1671 1228 1608 1002 1578 1489 1066 1487 1786 1683 1041 1523 1349 1607 1648 1539 1657 1572 1262 1926 1041 1996 1924 1475 1684 1620 1613 1566 1363 1677 1208 1329 1982 1131 1476 1084 1471 1626 1561 1103 1259 1971 1867 1834 1709 1241 1726 1784 1473 1952 1972 1466 BCNSPRNW ULIB Ver.6.0+V

เปลี่ยนเป็นภาษาไทย

Change to English
 แสดงรายละเอียดบรรณานุกรม
  กลับหน้าหลัก

Brief Record : Get Marc (ISO 2709) : E-mail record : QR code < ปิดหน้าต่าง
LEADER : 00000nam 2200000uu 4500
001    13399113405
003     ULIB
008    110627s2552||||th 000 0 tha d
020    9786165020169
090    นว.^bธ739จ 2552
100 0  ธุวดารา
245 00 เจ้าบ่าวมือสอง/^cธุวดารา
250    พิมพ์ครั้งที่ 1
260    กรุงเทพฯ :^bSugar Beat,^c2552
300    296 หน้า
710 1  Sugar Beat
945    ^p200^l0^i026752
995    ทศพร
999 ^a ใช้งานได้ทุกระบบ
รายการนี้ยังไม่มีแท็ก
คุณยังไม่ได้ล็อกอิน คุณสามารถมีกิจกรรมร่วมกับเว็บไซต์ได้ แต่ต้องล็อกอินก่อน ::
  ล็อกอิน

รายการสื่อสารสนเทศ

ลำดับที่ ประเภท เลขเรียก/บาร์โค้ด สถานที่ สถานะ
1. นวนิยาย
นวนิยาย
นว. ธ739จ 2552 ฉ.1 
  Barcode: 026752
ห้องสมุดวิทยาเขตสวรรค์ประชารักษ์
►นวนิยาย
บนชั้น
  ขอยืม

รายการใกล้เคียง
    ผู้แต่ง [ธุวดารา]

BibComment


ยังไม่เคยถูกคอมเมนท์

คอมเมนท์ทรัพยากรรายการนี้
  คอมเมนท์: เจ้าบ่าวมือสอง ธุ..


 Copyright 2026. Bcnsprnw @Library